| 000 | 00710cam a22002293a 4500 | ||
|---|---|---|---|
| 001 | 17149 | ||
| 003 | PGUSA | ||
| 005 | 20140828083350.0 | ||
| 008 | 051124s2005||||xxu|||||s|||||000 | eng d | ||
| 040 |
_aPGUSA _beng |
||
| 042 | _adc | ||
| 050 | 4 | _aTP | |
| 100 | 1 |
_aSlosson, Edwin E. _q(Edwin Emery), _d1865-1929 |
|
| 245 | 1 | 0 |
_aCreative Chemistry : _bDescriptive of Recent Achievements in the Chemical Industries _h[electronic resource] / _cEdwin E. Slosson |
| 260 |
_bProject Gutenberg, _c2005 |
||
| 506 | _aPublic domain in the USA. | ||
| 516 | _aElectronic text | ||
| 653 | _aChemistry, Technical | ||
| 830 | 0 |
_aProject Gutenberg _v17149 |
|
| 856 | 4 | 0 | _uhttp://www.gutenberg.org/ebooks/17149 |
| 942 | _cEB | ||
| 999 |
_c246404 _d246404 |
||